000
00311nam a22001457a 4500
008
231124b ||||| |||| 00| 0 eng d
020
_a
0521291887
041
_a
eng
080
_a
94
082
_a
94BYN
100
_a
28
101
_a
HISTO
245
_a
HISTORICAL LINGUSTICS
_c
BYNON .THE
942
_2
udc
_c
BK
999
_c
60524
_d
60524